000 00613nam a2200205Ia 4500
005 20250508162009.0
008 008 250505s9999 xx 000 0 eng d
020 _a0-85969-023-7
037 _aTextual
040 _aFEDL
_beng
_cFEDL
041 _aeng
_2eng
084 _a157.9, KOP
_qFEDL
100 _aKopp Sheldon
_9771991
245 0 _aIf you meet the buddha on the road, kill him! : The pilgrimage of psychotherapy patients
260 _aLondon, UK
_bSheldon Press
_c1972
300 _a181p
650 _aAbnormal psychology
942 _cTEXL
_h157.9, KOP
999 _c1373736
_d1373736